Roots of soul : the psychology of Black expressiveness : an unprecedented and intensive examination of Black folk expressions in the enrichment of life /

Bibliographic Details
Main Author: Pasteur, Alfred B.
Other Authors: Toldson, Ivory L.
Format: Book
Language:English
Published: Garden City, N.Y. : Anchor Press/Doubleday, 1982.
Edition:1st ed.
Subjects:

MARC

Tag First Indicator Second Indicator Subfields
LEADER 00000pam a2200000 a 4500
001 in00000084883
005 20151008054415.0
008 810209s1982 nyu b 00110 eng
010 |a  80003004  
020 |a 0385158807 :  |c $14.95 
035 |a (OCoLC)07272427 
035 |9 AAJ0566AM 
039 0 |a 2  |b 3  |c 3  |d 3  |e 3 
040 |a DLC  |c DLC  |d TXA  |d UtOrBLW 
043 |a n-us--- 
049 |a TXAM  |c [1361363] 
050 0 0 |a E185.625  |b .P373 
082 0 |a 155.8/4/96  |2 19 
100 1 |a Pasteur, Alfred B. 
245 1 0 |a Roots of soul :  |b the psychology of Black expressiveness : an unprecedented and intensive examination of Black folk expressions in the enrichment of life /  |c by Alfred B. Pasteur and Ivory L. Toldson. 
250 |a 1st ed. 
264 1 |a Garden City, N.Y. :  |b Anchor Press/Doubleday,  |c 1982. 
300 |a x, 324 pages ;  |c 24 cm. 
336 |a text  |b txt  |2 rdacontent 
337 |a unmediated  |b n  |2 rdamedia 
338 |a volume  |b nc  |2 rdacarrier 
504 |a Includes bibliographical references and index. 
650 0 |a African Americans  |x Psychology. 
650 0 |a African American arts. 
700 1 |a Toldson, Ivory L. 
999 |a MARS 
999 f f |s de810b92-4c92-3f0c-8845-381d52670a6b  |i 57fbbfd7-6586-3332-a54f-9d651b1e8b6b  |t 0 
952 f f |p ric  |a Texas A&M University  |b Rellis Campus  |c Joint Library Facility  |d Remote Storage  |t 0  |e E185.625 .P373  |h Library of Congress classification  |i unmediated -- volume  |m A14806106047 
998 f f |a E185.625 .P373  |t 0  |l Remote Storage